[Event "Olympiad-44"]
[Site "Chennai"]
[Date "2022.08.05"]
[Round "7.3"]
[White "Lwebuga, Ronald"]
[Black "Dlamini, Simphiwe"]
[Result "0-1"]
[WhiteElo "1818"]
[BlackElo "1569"]
[PlyCount "182"]
[EventDate "2022.07.29"]
[EventType "team-swiss"]
[EventRounds "11"]
[EventCountry "IND"]
[SourceTitle "CBM 210"]
[Source "ChessBase"]
[SourceDate "2022.10.31"]
[SourceVersion "1"]
[SourceVersionDate "2022.10.31"]
[SourceQuality "1"]
[WhiteTeam "Sierra Leone"]
[BlackTeam "Eswatini"]
[WhiteTeamCountry "SIE"]
[BlackTeamCountry "SWA"]

1. d4 c6 2. c4 d5 3. Nc3 Nf6 4. Nf3 dxc4 5. a4 Bf5 6. e3 e6 7. Bxc4 Bb4 8. Qb3 a5 9. Bd2 0-0 10. 0-0 Qe7 11. Rfe1 Ne4 12. Nxe4 Bxe4 13. Bxb4 Qxb4 14. Qxb4 axb4 15. Nd2 Bg6 16. a5 Rd8 17. Rec1 Nd7 18. Nb3 Ra7 19. Ra4 b5 20. Rxb4 bxc4 21. Rbxc4 Be4 22. Nd2 Bd5 23. Ra4 f5 24. f3 Nf6 25. Re1 e5 26. dxe5 Nd7 27. f4 Nc5 28. Ra3 Rb8 29. Rb1 Ne4 30. Nf3 Nc5 31. Nd2 Ne4 32. Nf3 Nc5 33. Nd2 Nb3 34. Nxb3 Rxb3 35. Rxb3 Bxb3 36. Ra1 Kf7 37. Kf1 Ke6 38. Ke1 Rd7 39. Ra3 Bc4 40. Rc3 Bb5 41. b4 h5 42. Ra3 h4 43. Ra2 Ba6 44. Rc2 Bb5 45. Ra2 Ba6 46. Rc2 Bb5 47. Ra2 Ke7 48. Ra1 Kf7 49. Ra2 g6 50. Ra1 Ke6 51. Ra2 g5 52. Ra1 gxf4 53. exf4 Bc4 54. Rc1 Bb5 55. Ra1 Bc4 56. Rc1 Bd5 57. g3 hxg3 58. hxg3 Rh7 59. Rc3 Rh1+ 60. Kd2 Rb1 61. Ra3 Rxb4 62. a6 Rb8 63. a7 Ra8 64. Kc3 Kd7 65. Kd4 Kc7 66. Kc5 Kb7 67. Kd6 Rxa7 68. Rxa7+ Kxa7 69. e6 Kb6 70. Ke5 Kc7 71. Kxf5 Kd6 72. e7 Kxe7 73. Ke5 Bf7 74. f5 c5 75. g4 c4 76. Kd4 Kf6 77. Ke4 Kg5 78. Kf3 Bg8 79. Ke4 Kxg4 80. f6 Kg5 81. Kd4 Kxf6 82. Ke4 Ke6 83. Kd4 Kd6 84. Kc3 Kc5 85. Kc2 Kd4 86. Kd2 Bh7 87. Kd1 Kc3 88. Kc1 Bg8 89. Kb1 Bd5 90. Kc1 Ba8 91. Kb1 Kd2 0-1

[Event "Olympiad-44"]
[Site "Chennai"]
[Date "2022.08.03"]
[Round "6.3"]
[White "Dlamini, Simphiwe"]
[Black "Anhwere, Benard"]
[Result "0-1"]
[WhiteElo "1569"]
[BlackElo "1890"]
[PlyCount "67"]
[EventDate "2022.07.29"]
[EventType "team-swiss"]
[EventRounds "11"]
[EventCountry "IND"]
[SourceTitle "CBM 210"]
[Source "ChessBase"]
[SourceDate "2022.10.31"]
[SourceVersion "1"]
[SourceVersionDate "2022.10.31"]
[SourceQuality "1"]
[WhiteTeam "Eswatini"]
[BlackTeam "Ghana"]
[WhiteTeamCountry "SWA"]
[BlackTeamCountry "GHA"]

1. e4 c5 2. Nf3 d6 3. d4 cxd4 4. Nxd4 Nf6 5. Nc3 a6 6. f3 e5 7. Nb3 Be7 8. Be3 Be6 9. Qd2 Nbd7 10. g4 Rc8 11. g5 Nh5 12. Be2 Qc7 13. f4 Nxf4 14. Bxf4 exf4 15. Qxf4 b5 16. Nd5 Bxd5 17. exd5 0-0 18. Nd4 Ne5 19. c3 Qc5 20. Nf5 Rfe8 21. 0-0-0 Ng6 22. Nxe7+ Rxe7 23. Qd2 a5 24. h4 b4 25. Rh3 Rxe2 26. Qxe2 Nf4 27. Qf3 Nxh3 28. Rf1 Nxg5 29. hxg5 Rf8 30. Rh1 bxc3 31. Qh3 cxb2+ 32. Kb1 h6 33. Qg2 Rc8 34. gxh6 0-1

[Event "Online Olym Div4 C"]
[Site "Chess.com INT"]
[Date "2020.07.31"]
[Round "3.4"]
[White "Mwale, Joseph"]
[Black "Dlamini, Simphiwe"]
[Result "1-0"]
[WhiteElo "2159"]
[BlackElo "1554"]
[PlyCount "29"]
[EventDate "2020.07.31"]
[EventType "team-tourn (rapid)"]
[EventRounds "9"]
[EventCountry "USA"]
[SourceTitle "CBM 198"]
[Source "ChessBase"]
[SourceDate "2020.10.31"]
[SourceVersion "1"]
[SourceVersionDate "2020.10.31"]
[SourceQuality "1"]
[WhiteTeam "Malawi"]
[BlackTeam "Swaziland"]
[WhiteTeamCountry "MWI"]
[BlackTeamCountry "SWA"]

1. e4 e5 2. Nf3 Nc6 3. Bc4 Be7 4. d4 exd4 5. c3 d6 6. Qb3 Ne5 7. Nxe5 dxe5 8. Bxf7+ Kf8 9. 0-0 Nf6 10. f4 Qd6 11. fxe5 Qxe5 12. Bf4 Qc5 13. e5 Ng4 14. Bh5 dxc3+ 15. Be3+ 1-0